| 000 | 00533nam a22002057a 4500 | ||
|---|---|---|---|
| 003 | OSt | ||
| 005 | 20140310182812.0 | ||
| 008 | 130222t xxu||||| |||| 00| 0 eng d | ||
| 020 | _a0071439013 | ||
| 050 |
_aHF 5383 _b.R881 2005 |
||
| 082 |
_aM 650.142 _bR79 2005 |
||
| 245 |
_aSlam dunk cover letters _cRowh, Mark |
||
| 260 |
_aNew York : _bMcGraw-Hill Companies, Inc., _cc2005. |
||
| 300 |
_a125 p. _c28 cm. |
||
| 521 | _aCollege Students | ||
| 526 | _c1210L-1700L | ||
| 541 | _j1 | ||
| 562 | _e1 | ||
| 942 |
_2lcc _cBK _kM |
||
| 999 |
_c16206 _d16206 |
||